Loading...
Fine Arts - Painting & Sculpture | 0 | 6 | 1 | 0 | 55 | 33 | 64.17 | 4 | 6 |
Fine Arts - Other Fine Arts | 0 | 5 | 1 | 0 | 45 | 50 | 85.60 | 2 | 5 |
Philosophy | 0 | 5 | 2 | 2 | 40 | 71 | 115.20 | 0 | 4 |
Literature - British Literature | 0 | 4 | 1 | 0 | 35 | 43 | 82.50 | 3 | 3 |
Social Science | 0 | 3 | 0 | 1 | 30 | 93 | 102.33 | 0 | 2 |
Literature - European Literature | 0 | 3 | 1 | 0 | 25 | 73 | 88.00 | 1 | 2 |
Science - Chemistry | 0 | 2 | 0 | 0 | 20 | 104 | 111.00 | 0 | 1 |
Literature - American Literature | 0 | 2 | 0 | 0 | 20 | 57 | 86.50 | 1 | 2 |
Other | 0 | 2 | 1 | 0 | 15 | 72 | 76.00 | 1 | 1 |
Fine Arts - Classical Music | 0 | 2 | 1 | 2 | 15 | 112 | 120.50 | 0 | 0 |
Religion | 0 | 1 | 0 | 0 | 10 | 37 | 37.00 | 1 | 1 |
Science - Biology | 0 | 1 | 0 | 0 | 10 | 107 | 107.00 | 0 | 0 |
Science - Physics | 0 | 1 | 0 | 1 | 10 | 125 | 125.00 | 0 | 1 |
Mythology | 0 | 1 | 1 | 0 | 5 | 83 | 83.00 | 0 | 0 |
Science - Other Science | 0 | 1 | 1 | 0 | 5 | 77 | 77.00 | 0 | 1 |
History - Other History | 0 | 1 | 1 | 0 | 5 | 118 | 118.00 | 0 | 1 |